Rozpoznaj grę po recenzji Steam #3 - Statystyki

Ogólne statystyki
  • Ten quiz został rozwiązany 40 razy
  • Średni wynik to 7 z 20
Statystyki odpowiedzi
Recenzja Tytuł gry % Poprawnych
Najlepszy program do nauki języka rosyjskiego na rynku. Counter-Strike 2
88%
Sans Granie Undertale
76%
KWURWAI ♥♥♥♥♥ OD TYCZKI MI SIE ODBIJA DO DZIURKI DO DZIURKI WLATUJ PIŁECZKO fajna 10/10 Golf With Your Friends
74%
no chociaż w tej grze mogę mieć długą różdżkę. Hogwarts Legacy
65%
Można jeść nogi The Forest
56%
koks giera ale taki pewien śmieć zrzucił mnie na jednej z ostatnich przeszkód i przegrałem Fall Guys
50%
Z począrtku byłem troszke przerażony zombie. Po wgraniu skinów z minecraft jest lepiej, juz sie nie boje. Świetna gra na długie wieczory Left 4 Dead 2
50%
[...] ta gra powinna się nazywać "Panie potrzeba nam więcej żelaznych płytek", ropa to szmata. Dziękuje za uwagę. Factorio
38%
Stworzyłem świat bez muslimów. 10/10 Europa Universalis IV
29%
Robiłem majonez, zostałem milionerem 10/10 Stardew Valley
29%
NIE KUPUJCIE TEJ GRY PRZEZ NA STRACILEM ZONE I DZIECI ORAZ WLASNA MATKA MNIE NIECHCE ale przynajmniej moje plemie nie gloduje RimWorld
21%
(...) mały CZERWONY szczyl poznał mocny hardcore styl Super Meat Boy
21%
steam + ea launcher porazka Mass Effect™ Legendary Edition
18%
Przyjemna gra dla całej rodziny. Idealna na święta albowiem zawiera wątek z karpiem. Sekiro™: Shadows Die Twice
18%
1000 godzin i nadal nie wiem jak grać Path of Exile
15%
High Ground! Lego Star Wars: The Skywalker Saga
12%
"Zepsute Serce, zepsute.... serce w końcu cię ubiłem, ty Kur%$&!" Slay the Spire
12%
Gra jest łatwa... Wystarczy tylko nie tracić głowy. Dead Cells
6%
Przemyślane sterowanie, można grać jedną ręką Wedding Witch
6%
this game is the biggest coding flex i've ever seen, love it. Viewfinder
3%
Nie znaleziono quizów pasujących do podanych kryteriów
Rozkład punktacji
Procent ludzi z każdym wynikiem
Percentyl według liczby udzielonych odpowiedzi
Twoja historia wyników
Nie rozwiązałeś tego quizu